000 01120nam a2200325 i 4500
003 EG-GICUC
005 20260414123829.0
008 260414s1948 fr a|||fr|||| 00| 0 fre d
040 _aEG-GiCUC
_bfre
_cEG-GiCUC
_dEG-GiCUC
_eRda
041 0 _afre
082 0 4 _221
_a343.81
_bBO . C
092 0 4 _221
099 _aLaw1 10 343.81 BO . C 41 ed - 1948
100 1 _a Bourdans, M. Henry
_eAuteur
245 1 0 _aCode D'instruction Criminelle :
_bAnsote D'apres La Doctrine Et La Jurisprudence Aves Renvals Aux Publications Dallos /
_cM. Henry Bourdans.
250 _aQuarante Ke Ustere Edition Envierement Erfondue Et Rise A Jour
264 1 _aParis :
_bFurisprudence Générale Dalloz,
_c1948.
300 _a435 page ;
_c15cm.
336 _2rda contenu
_a texte
337 _2rda medias
_aOrdinateur
338 _2 transporteur rda
_a Ressource en ligne
504 _a
546 _aTexte en français
650 1 _aDroit pénal
_2qrmak
650 1 _aPolice scientifique
651 1 _2qrmak
856 4 0 _uhttps://fll.law.cu.edu.eg/fulltext/bks/B10-09194.pdf
905 _a157
_eYara
942 _2ddc
_cBK
_e21
_n0
999 _c70882
_d70882